000 00424 a2200157 4500
001 177406
020 _a
040 _cMagnum
100 _aNoronha, Carlos Henrique Moura Mavignier de
240 1 0 _aO espaco mundial: europa, asia, e africa/v.2/8 serie
_lpor
245 1 0 _aO espaco mundial: europa, asia, e africa/v.2/8 serie
362 0 _a1899
440 1 _aDo Brasil
697 _aMAGNITO: PARADIDATICO
942 _cBK
999 _c177406
_d177406